| 000 | 00853cam a22002535a 4500 | ||
|---|---|---|---|
| 999 |
_c27350 _d27321 |
||
| 005 | 20201203144019.0 | ||
| 008 | 180725t2019 paua frb 001 0 eng d | ||
| 020 | _a9780323552257 | ||
| 040 |
_aDLC _beng _cDLC _dEG-ScBUE _dEG-ScBUE |
||
| 082 | 0 | 4 |
_a617.63 _bCOL _222 |
| 245 | 1 | 0 |
_aColor atlas of oral and maxillofacial diseases / _cBrad W. Neville... [et al.]. |
| 250 | _a1st ed. | ||
| 260 |
_aPhiladelphia : _bElsevier, _cc.2019. |
||
| 300 |
_aix, 534 p. : _bill. (some col.) ; _c28 cm. |
||
| 500 | _aInclude Digital version "using access code inside the book" | ||
| 504 | _aIncludes bibliographical references and index. | ||
| 650 | 7 |
_aMouth _xDiseases _vAtlases. _2BUEsh _937686 |
|
| 650 | 7 |
_aJaw _xDiseases _vAtlases. _2BUEsh |
|
| 651 | _2BUEsh | ||
| 653 | _cApril2019 | ||
| 700 | 1 | _aNeville, Brad W. | |
| 942 | _2ddc | ||